Bảo vệ môi trường xanh
Để bảo vệ môi trường xanh chúng ta bắt đầu từ những việc làm nhỏ trong cuộc sống, Hút thuốc có hại cho sức khoẻ còn ảnh hưởng đến môi trường cuộc sống sinh thái, không lãng phí giấy là bảo vệ môi trường, tại sao cần phải phân loại...
Kaydedildi:
| Materyal Türü: | Kitap |
|---|---|
| Dil: | Undetermined |
| Baskı/Yayın Bilgisi: |
Hà Nội
Văn hóa - Thông tin
2013
|
| Konular: | |
| Etiketler: |
Etiketle
Etiket eklenmemiş, İlk siz ekleyin!
|
| Thư viện lưu trữ: | Trung tâm Học liệu Trường Đại học Cần Thơ |
|---|
| LEADER | 00932nam a2200193Ia 4500 | ||
|---|---|---|---|
| 001 | CTU_181180 | ||
| 008 | 210402s9999 xx 000 0 und d | ||
| 020 | |c 37000 | ||
| 082 | |a 363.7 | ||
| 082 | |b B108 | ||
| 245 | 0 | |a Bảo vệ môi trường xanh | |
| 245 | 0 | |c Kim Phụng (Biên soạn) | |
| 260 | |a Hà Nội | ||
| 260 | |b Văn hóa - Thông tin | ||
| 260 | |c 2013 | ||
| 520 | |a Để bảo vệ môi trường xanh chúng ta bắt đầu từ những việc làm nhỏ trong cuộc sống, Hút thuốc có hại cho sức khoẻ còn ảnh hưởng đến môi trường cuộc sống sinh thái, không lãng phí giấy là bảo vệ môi trường, tại sao cần phải phân loại rác.... | ||
| 650 | |a Environmental protection,Bảo vệ môi trường | ||
| 904 | |i Hải | ||
| 980 | |a Trung tâm Học liệu Trường Đại học Cần Thơ | ||